| 000 | 01060cam a2200361 a 4500 | ||
|---|---|---|---|
| 001 | 5815 | ||
| 003 | FISKH | ||
| 005 | 20250807093545.0 | ||
| 008 | 020903s1996 nyua b 000 1 eng | ||
| 010 | _a 2002013776 | ||
| 020 | _a0679867384 (pbk.) | ||
| 020 | _a9780679867388 | ||
| 020 | _a0679967389 (lib. bdg.) | ||
| 040 |
_aDLC _cDLC _dDLC _beng |
||
| 050 | _aPZ7.B81618 | ||
| 082 | _a428.6 | ||
| 100 | 1 | _aBrown, Marc | |
| 245 | 1 | 0 |
_aArthur's reading race / _cMarc Brown. |
| 260 |
_aNew York : _bRandom House, _c1996. |
||
| 300 |
_a24 pages : _ccolor illustrations ; _c23 cm |
||
| 490 |
_aStep into reading : _vStep 3 |
||
| 505 | _aC | ||
| 520 | _aArthur doesn't believe that his little sister can really read, so he challenges her to prove it. | ||
| 521 |
_a140
_bLexile |
||
| 521 |
_aC
_bRaz-Plus |
||
| 650 | 1 |
_aReading _vFiction. |
|
| 650 | 1 |
_aSiblings _vFiction. |
|
| 650 | 1 |
_aAardvarks _vFiction. |
|
| 650 | 1 |
_aMammals _vFiction. |
|
| 906 |
_a7 _bcbc _corignew _d1 _eecip _f20 _gy-gencatlg |
||
| 942 |
_2ddc _cBK _n0 |
||
| 999 |
_c5815 _d5815 |
||